000 00881nmc a2200313 a 4500
003 AR-BaBNM
005 20251128203954.0
008 151020s2000 ||||||||||||||000 | spa||
020 _a987-9380-17-7
040 _cAR-BaBNM
100 1 _aBoixados, Roxana Edith
245 1 0 _aEl imperio del sol
_blos incas
260 _aBuenos Aires
_bLibros del Quirquincho
_c2000
300 0 _a59 p.
_bil.
490 0 _aLa otra historia
_vv. 2
504 _aContiene bibliografía
600 1 4 _aTitu Cusi Yupanqui, Inca
650 4 _aCONQUISTA DE AMERICA
650 4 _aHISTORIA AMERICANA
650 4 _aABORIGENES SUDAMERICANOS
650 4 _aINCAS
650 4 _aLITERATURA INFANTIL
653 0 _aCIVILIZACIONES PRECOLOMBINAS
653 0 _aCULTURAS PRECOLOMBINAS
700 1 _aPalermo, Miguel Angel
700 1 _aSchalen, Carlos
_eilustrador
942 _cBK
998 _cMariana
999 _c5660
_d5660